ბათუმის შოთა რუსთაველის სახელმწიფო უნივერსიტეტის ბიბლიოთეკა

ნარკვევები მეორე მსოფლიო ომისშემდგომი პერიოდის გერმანულენოვანი ლიტერატურიდან = Studien zur deutschsprachigen Literatur nach dem Zweiten Weltkrieg / (ბიბ.ჩანაწერი № 55244)

000 -ლიდერი
ფიქსირებული სიგრძის საკონტროლო ველი 01829nam a2200277Ia 4500
001 - საკონტროლო ნომერი
საკონტროლო ველი 22320
003 - საკონტროლო ნომრის იდენტიფიკატორი
საკონტროლო ველი GE_BSU
005 - ბოლო ოპერაციის თარიღი და დრო
საკონტროლო ველი 20250801120949.0
008 - ფიქსირებული სიგრძის მონაცემთა ელემენტები - ზოგადი ინფორმაცია
ფიქსირებული სიგრძის საკონტროლო ველი 181216s2017||||ge |||||||||||||| ||geo||
020 ## - წიგნის საერთაშორისო სტანდარტული ნომერი
International Standard Book Number 9789941273308
040 ## - კატალოგიზაციის წყარო
Transcribing agency GE_BSU
041 ## - ენის კოდი
Language code of text/sound track or separate title geo
080 ## - უნივერსალური ათობითი კლასიფიკაციის ინდექსი
Universal Decimal Classification number 821.112.2.09 გ-14
100 ## - მთავარი ჩანაწერი - პიროვნების სახელი
Personal name გაგნიძე, ნუგეშა
9 (RLIN) 25731
245 ## - ცნობა სათაურის შესახებ
Title ნარკვევები მეორე მსოფლიო ომისშემდგომი პერიოდის გერმანულენოვანი ლიტერატურიდან = Studien zur deutschsprachigen Literatur nach dem Zweiten Weltkrieg /
Statement of responsibility, etc ნუგეშა გაგნიძე ; რედაქტორი ნანული კაკაურიძე.
264 ## - წარმოების, გამოცემის, დისტრიბუციის და სხვა ცნობები
გამოცემის, წარმოების, დისტრიბუციის... ადგილი ქუთაისი :
გამოცემის, წარმოების, დისტრიბუციის... სახელწოდება გამ-ბა ”სამშობლო”,
გამოცემის, წარმოების, დისტრიბუციის... თარიღი 2017.
300 ## - ფიზიკური აღწერა
Extent 352 გვ. ;
Dimensions 20 სმ.
500 ## - ზოგადი შენიშვნა
General note სახელთა საძიებელი : გვ. 330-348
520 ## - SUMMARY, ETC.
Summary, etc გარეკანი და თავფურცელი ქართ. და გერმ. ენებზე.რეზიუმე გერმ. ენაზე.
653 ## - INDEX TERM--UNCONTROLLED
Uncontrolled term გერმანელი მწერლები
653 ## - INDEX TERM--UNCONTROLLED
Uncontrolled term გერმანული ლიტერატურის ისტორია და კრიტიკა
653 ## - INDEX TERM--UNCONTROLLED
Uncontrolled term ნარკვევები მეორე მსოფლიო ომისშემდგომი პერიოდის გერმანულენოვანი ლიტერატურიდან = Studien zur deutschsprachigen Literatur nach dem Zweiten Weltkrieg
700 ## - ADDED ENTRY--PERSONAL NAME
Personal name კაკაურიძე, ნანული
Relator term რედაქტორი
9 (RLIN) 11497
942 ## - ADDED ENTRY ELEMENTS (KOHA)
Koha item type წიგნი
Source of classification or shelving scheme
ეგზემპლარები
ჩამოწერის სტატუსი დაკარგული ეგზემპლარის სტატუსი კლასიფიკაციის წყარო ან თაროზე გაწყობის სქემა დაზიანების სტატუსი არ გაიცემა მუდმივი მდებარეობა (დაცვის ადგილი) ამჟამინდელი ადგილსამყოფელი თაროზე განთავსების ადგილი შეძენის თარიღი ღირებულება, შესყიდვის ნორმალური ფასი სრული შენახვის შიფრი შტრიხკოდი ბოლო ოპერაციის თარიღი ეგზემპლარის მიმდევრობითი ნომერი (კეტერი?) ფასის ძალაში შესვლის თარიღი ეგზემპლარის სახეობა საჯარო შენიშვნა ადგილმდებარეობის კოდირებული მსაზღვრელი
          ბათუმის შოთა რუსთაველის სახელმწიფო უნივერსიტეტის მთავარი ბიბლიოთეკა ბათუმის შოთა რუსთაველის სახელმწიფო უნივერსიტეტის მთავარი ბიბლიოთეკა წიგნსაცავი 2018-12-17 7.00 821.112.2.09 გ-14 28082 2018-12-17 28082 2018-12-17 წიგნი 7.00 ₾.  
          ბათუმის შოთა რუსთაველის სახელმწიფო უნივერსიტეტის მთავარი ბიბლიოთეკა ბათუმის შოთა რუსთაველის სახელმწიფო უნივერსიტეტის მთავარი ბიბლიოთეკა წიგნსაცავი 2018-12-17   821.112.2.09 გ-14 28081 2018-12-17 28081 2018-12-17 წიგნი 7.00 ₾. 7.00 ₾.